| 000 | 00549cam a2200157 4500500 | ||
|---|---|---|---|
| 005 | 20251012012836.0 | ||
| 041 | _afre | ||
| 042 | _adc | ||
| 100 | 1 | 0 |
_aWerner, Florian _eauthor |
| 700 | 1 | 0 |
_a Larmagnac-Matheron, Octave _eauthor |
| 245 | 0 | 0 | _a“Mon précieux” |
| 260 | _c2022. | ||
| 500 | _a27 | ||
| 786 | 0 | _nPhilosophie magazine - Hors séries | Hors série - Été-Autome 2022 | HS54 | 2022-07-01 | p. 33-33 | 2104-9246 | |
| 856 | 4 | 1 | _uhttps://shs.cairn.info/magazine-philosophie-magazine-2022-hs54-page-33?lang=fr&redirect-ssocas=7080 |
| 999 |
_c1528163 _d1528163 |
||